Financial reporting exposure draft (Record no. 106772)

MARC details
000 -LEADER
fixed length control field 00839cam a22002055a 4500
001 - CONTROL NUMBER
control field L137409
008 - FIXED-LENGTH DATA ELEMENTS--GENERAL INFORMATION
fixed length control field 070404s2007 xxk f 000 0 eng d
020 ## - INTERNATIONAL STANDARD BOOK NUMBER
International Standard Book Number 9781841409344
035 ## - SYSTEM CONTROL NUMBER
System control number (Sirsi) u137409
041 0# - LANGUAGE CODE
Language code of text/sound track or separate title eng
050 04 - LIBRARY OF CONGRESS CALL NUMBER
Classification number 657.42 $2 18
110 2# - MAIN ENTRY--CORPORATE NAME
Corporate name or jurisdiction name as entry element Accounting Standards Board
9 (RLIN) 3454
245 00 - TITLE STATEMENT
Title Financial reporting exposure draft
Remainder of title proposed amendment to FRS 3 'reporting financial performance'
260 ## - PUBLICATION, DISTRIBUTION, ETC.
Place of publication, distribution, etc. London
Name of publisher, distributor, etc. ASB
Date of publication, distribution, etc. 2007
300 ## - PHYSICAL DESCRIPTION
Extent 10p.
Dimensions 21cm.
520 ## - SUMMARY, ETC.
Summary, etc. Proposes limited amendments to Financial Reporting Standard (FRS) 3 Reporting Financial Performance to clarify its application to entities within the scope of FRS 26 (IAS 39) Financial Instruments: Recognition and Measurement.
651 #4 - SUBJECT ADDED ENTRY--GEOGRAPHIC NAME
Geographic name United Kingdom
Chronological subdivision
690 ## - LOCAL SUBJECT ADDED ENTRY--TOPICAL TERM (OCLC, RLIN)
Topical term or geographic name as entry element MANAGEMENT-BUSINESS MANAGEMENT-FINANCIAL MANAGEMENT-ACCOUNTING
942 ## - ADDED ENTRY ELEMENTS (KOHA)
Suppress in OPAC 0
Holdings
Withdrawn status Lost status Source of classification or shelving scheme Damaged status Not for loan Home library Current library Shelving location Date acquired Total Checkouts Full call number Barcode Date last seen Copy number Price effective from Koha item type
    Dewey Decimal Classification     London London Boxed set 21/08/2007   BOXED SET 30072219 06/08/2019 1 06/08/2019 Reference material